00521nam a2200193 a 4500001001300000003000900013005001700022008004100039020002300080082001300103100002000116245006500136260002800201300000900229500003500238505001000273650002400283700002000307nice12345678IN_TiNIC20260116015349.0100921s1997 lona grp 000 0 eng  a9780264674391c50000a170bJAM aJamieson, Penny aLiving at the Edgeb Sacrament and Sollidarity in Leadership aLondon bMowbray c1997 a200p aincludes index and biblioraphy2 aNotes aEthics and Religion1 aJamieson, Penny